<?xml version="1.0" encoding="UTF-8"?>
<record
    xmlns:xsi="http://www.w3.org/2001/XMLSchema-instance"
    xsi:schemaLocation="http://www.loc.gov/MARC21/slim http://www.loc.gov/standards/marcxml/schema/MARC21slim.xsd"
    xmlns="http://www.loc.gov/MARC21/slim">

  <leader>02240cam a2200325Ia 4500</leader>
  <controlfield tag="001">captainslog16obl00petr</controlfield>
  <controlfield tag="003">CaSfIA</controlfield>
  <controlfield tag="005">20230525154858.0</controlfield>
  <controlfield tag="007">cr||||</controlfield>
  <controlfield tag="008">091023s2007    txua          000 0 eng d</controlfield>
  <datafield tag="040" ind1=" " ind2=" ">
    <subfield code="a">NPS</subfield>
    <subfield code="c">NPS</subfield>
    <subfield code="d">NPS</subfield>
    <subfield code="d">CaSfIA</subfield>
  </datafield>
  <datafield tag="035" ind1=" " ind2=" ">
    <subfield code="a">(OCoLC)458576883</subfield>
  </datafield>
  <datafield tag="090" ind1=" " ind2=" ">
    <subfield code="a">GV1469.6</subfield>
    <subfield code="b">.C37 2007</subfield>
  </datafield>
  <datafield tag="245" ind1="0" ind2="0">
    <subfield code="a">Captain's log #35 :</subfield>
    <subfield code="h">[electronic resource] </subfield>
    <subfield code="b">duty, honor, empire /</subfield>
    <subfield code="c">edited by Steven P. Petrick ; proofreading, Jean Sexton.</subfield>
  </datafield>
  <datafield tag="246" ind1="3" ind2="0">
    <subfield code="a">Captain's log no. 35.</subfield>
  </datafield>
  <datafield tag="246" ind1="3" ind2="0">
    <subfield code="a">Captain's log number thirty-five.</subfield>
  </datafield>
  <datafield tag="260" ind1=" " ind2=" ">
    <subfield code="a">Amarillo, Tex. :</subfield>
    <subfield code="b">Amarillo Design Bureau,</subfield>
    <subfield code="c">2007</subfield>
  </datafield>
  <datafield tag="300" ind1=" " ind2=" ">
    <subfield code="a">120 p. :</subfield>
    <subfield code="b">ill. ;</subfield>
    <subfield code="c">28 cm.</subfield>
  </datafield>
  <datafield tag="505" ind1="1" ind2="0">
    <subfield code="t">History --</subfield>
    <subfield code="t">Duty, honor, empire /</subfield>
    <subfield code="r">by Stephen V. Cole --</subfield>
    <subfield code="t">Communications --</subfield>
    <subfield code="t">Input guide : so you want to writh, eh? /</subfield>
    <subfield code="r">by Randy O. Green --</subfield>
    <subfield code="t">Ask Admiral Growler /</subfield>
    <subfield code="r">by Mike Filsinger --</subfield>
    <subfield code="t">Federation Commander --</subfield>
    <subfield code="t">Federation Commander on line /</subfield>
    <subfield code="r">by Paul Franz --</subfield>
    <subfield code="t">Federation Commander play by email /</subfield>
    <subfield code="r">by Frank Brooks --</subfield>
    <subfield code="t">Power is life /</subfield>
    <subfield code="r">by Commodore Patrick J. Doyle --</subfield>
    <subfield code="t">SFB scenarios --</subfield>
    <subfield code="t">SFB database --</subfield>
    <subfield code="t">SFB tactics --</subfield>
    <subfield code="t">Patrol victory at Origins 2006 /</subfield>
    <subfield code="r">by Marcus J. Giegerich --</subfield>
    <subfield code="t">Tactical primer : Bolosco /</subfield>
    <subfield code="r">by Dave Miller --</subfield>
    <subfield code="t">Star Fleet venues --</subfield>
    <subfield code="t">Star Fleet command : hidden entries /</subfield>
    <subfield code="r">by Gary Plana --</subfield>
    <subfield code="t">Star Trek : legacy : a review /</subfield>
    <subfield code="r">by Jonathan Snyder --</subfield>
    <subfield code="t">Star Fleet warlord /</subfield>
    <subfield code="r">by Paul Franz --</subfield>
    <subfield code="t">Playing SFB by e-mail /</subfield>
    <subfield code="r">by Frank Brooks --</subfield>
    <subfield code="t">Star Fleet Battles on-line /</subfield>
    <subfield code="r">by Paul Franz --</subfield>
    <subfield code="t">Galactic conquest : swimming with sharks /</subfield>
    <subfield code="r">by Jean Sexton --</subfield>
    <subfield code="t">Federation &amp; empire /</subfield>
    <subfield code="r">Rules &amp; rulings /</subfield>
    <subfield code="r">by Nick Blank --</subfield>
    <subfield code="t">Scenario 6FS : firestorm /</subfield>
    <subfield code="r">by Lt. Colonel Charles G. Strong --</subfield>
    <subfield code="t">Questions &amp; answers /</subfield>
    <subfield code="r">by Nick Blank --</subfield>
    <subfield code="t">Shipyard.</subfield>
  </datafield>
  <datafield tag="630" ind1="0" ind2="0">
    <subfield code="a">Star Trek.</subfield>
  </datafield>
  <datafield tag="650" ind1=" " ind2="0">
    <subfield code="a">Fantasy games.</subfield>
  </datafield>
  <datafield tag="650" ind1=" " ind2="0">
    <subfield code="a">Star fleet battles (Game).</subfield>
  </datafield>
  <datafield tag="650" ind1=" " ind2="0">
    <subfield code="a">Federation commander (Game).</subfield>
  </datafield>
  <datafield tag="650" ind1=" " ind2="0">
    <subfield code="a">Federation &amp; empire (Game).</subfield>
  </datafield>
  <datafield tag="700" ind1="1" ind2=" ">
    <subfield code="a">Petrick, Steven P.</subfield>
  </datafield>
  <datafield tag="700" ind1="1" ind2=" ">
    <subfield code="a">Sexton, Jean.</subfield>
    <subfield code="q">(Jean Elizabeth).</subfield>
  </datafield>
  <datafield tag="710" ind1="2" ind2=" ">
    <subfield code="a">Amarillo Design Bureau.</subfield>
  </datafield>
  <datafield tag="856" ind1="4" ind2="1">
    <subfield code="u">http://www.archive.org/details/captainslog16obl00petr</subfield>
    <subfield code="z">Free eBook from the Internet Archive</subfield>
  </datafield>
  <datafield tag="856" ind1="4" ind2="2">
    <subfield code="u">http://www.openlibrary.org/books/OL24586532M</subfield>
    <subfield code="z">Additional information and access via Open Library</subfield>
  </datafield>
  <datafield tag="952" ind1=" " ind2=" ">
    <subfield code="0">0</subfield>
    <subfield code="1">0</subfield>
    <subfield code="4">0</subfield>
    <subfield code="7">0</subfield>
    <subfield code="8">Project Gutenberg</subfield>
    <subfield code="a">CSPC</subfield>
    <subfield code="b">CSPC</subfield>
    <subfield code="d">2023-05-25</subfield>
    <subfield code="l">0</subfield>
    <subfield code="r">2023-05-25 00:00:00</subfield>
    <subfield code="w">2023-05-25</subfield>
    <subfield code="y">EBK</subfield>
  </datafield>
  <datafield tag="999" ind1=" " ind2=" ">
    <subfield code="c">19468</subfield>
    <subfield code="d">19468</subfield>
  </datafield>
</record>
